| 000 | 00874 a2200157 4500 | ||
|---|---|---|---|
| 003 | Nust | ||
| 005 | 20230328114913.0 | ||
| 040 | _cNust | ||
| 082 | _a629.8,FOG | ||
| 100 |
_aDr.M. Fogiel, Director _9111499 |
||
| 245 |
_aThe Essentials of Automatic Control Systems/Robotics I / _cDirector Dr.M.Fogiel |
||
| 260 |
_aNew Jersey, America _bResearch and Education Association _c1987 |
||
| 300 | _avi,88p; | ||
| 505 | _aSystem Modeling Mathematical Approach (Page-1), Solution o Deferential Equation: Systems Response (Pae-16), Application of Laplace Transform (Page-29), Matrix Algebra and Z-Transform (Page-44), Systems Representation Block Diagram, Transfer Functions, and Signal Flow Graphs (Page-51) Servo Characteristics Time-Domain Analysis (Page-58), Root Locus (Page-67), Special Pole-Zero Topics: Dominates Poles and the Partition Method (Page-80). | ||
| 942 |
_2ddc _cBK |
||
| 999 |
_c214745 _d214745 |
||